000 00468nam a22001937a 4500
003 MPLRDC
005 20220104113908.0
008 210129b ||||| |||| 00| 0 eng d
020 _a957-32-1011-8
082 _a848.4 ST-3 v.2 c.2
100 _a苏童著
245 _a伤心的舞蹈
_c
250 _a初版一刷
260 _a
_b远流出版公司
_c1991
300 _b
490 _a小说馆;44
650 _a现代别集
942 _cBK
_o848.4 ST-3 v.2 c.2
999 _c3207
_d3197